Singularidades dicríticas de campos vectoriales complejos
Saved in:
| Hovedforfatter: | |
|---|---|
| Format: | Bog |
| Sprog: | spansk |
| Udgivet: |
Lima
Universidad Nacional Mayor de San Marcos
2002
|
| Serier: | Serie Ciencias Básicas
|
| Fag: | |
| Tags: |
Tilføj Tag
Ingen Tags, Vær først til at tagge denne postø!
|
MARC
| LEADER | 00000nam a2200000 a 4500 | ||
|---|---|---|---|
| 001 | UCL6956 | ||
| 003 | CL-VaPUC | ||
| 008 | 040423e20020000PE |||||||||||||||||spa|d | ||
| 020 | |a 9972461815 | ||
| 082 | 0 | 4 | |a 515.63 |b BEN |2 21 |
| 100 | 0 | |a Benazic Tomé, Renato |e author |9 484617 | |
| 245 | 1 | 0 | |a Singularidades dicríticas de campos vectoriales complejos |
| 300 | |a 90 p | ||
| 942 | |c BK | ||
| 945 | |d 20040423 00:00:00 |a cmena | ||
| 260 | |a Lima |b Universidad Nacional Mayor de San Marcos |c 2002 | ||
| 650 | 0 | |a Cálculo vectorial |9 408406 | |
| 650 | 0 | |a Campos vectoriales |9 424666 | |
| 583 | |a last modification |c 20040423 00:00:00 |k Rodrigo Vera | ||
| 490 | 0 | |a Serie Ciencias Básicas | |
| 999 | |c 308832 |d 308830 | ||
| 952 | |0 0 |1 0 |4 0 |6 515_630000000000000_BEN_2002 |7 0 |8 A |9 375711 |a BIBMAT |b BIBMAT |d 2019-11-21 |i 4008073 |o 515.63 BEN 2002 |p 4008073 |r 2025-01-07 |w 2019-11-21 |y BK |k MAT | ||